Theological & grammatical phrasebook of the Bible. (Record no. 3339)

000 -LEADER
fixed length control field 00677nam a2200205 a 4500
001 - CONTROL NUMBER
control field :::00001069$&:&@@
003 - CONTROL NUMBER IDENTIFIER
control field OkBaRHE
005 - DATE AND TIME OF LATEST TRANSACTION
control field 20000607103241.0
008 - FIXED-LENGTH DATA ELEMENTS--GENERAL INFORMATION
fixed length control field s1984 j 000 0 eng u
040 ## - CATALOGING SOURCE
Transcribing agency
100 1# - MAIN ENTRY--PERSONAL NAME
Personal name White, William, 1934-
245 10 - TITLE STATEMENT
Title Theological & grammatical phrasebook of the Bible.
260 ## - PUBLICATION, DISTRIBUTION, ETC. (IMPRINT)
Place of publication, distribution, etc Chicago, IL., :
Name of publisher, distributor, etc Moody Press
Date of publication, distribution, etc c1984
300 ## - PHYSICAL DESCRIPTION
Extent xix, 148 p. ;
Dimensions 24 cm.
650 ## - SUBJECT ADDED ENTRY--TOPICAL TERM
Topical term or geographic name as entry element Bible
General subdivision Theology
650 ## - SUBJECT ADDED ENTRY--TOPICAL TERM
Topical term or geographic name as entry element Greek Language, Biblical
General subdivision Terms and Phrases
650 ## - SUBJECT ADDED ENTRY--TOPICAL TERM
Topical term or geographic name as entry element Hebrew Language, Biblical
General subdivision Terms and Phrases
942 ## - ADDED ENTRY ELEMENTS (KOHA)
Source of classification or shelving scheme
Koha item type Books
Copies
Damaged status Not for loan Full call number Price effective from Koha item type Shelving location Date acquired Permanent Location Source of classification or shelving scheme Date last seen Withdrawn status Lost status Barcode Copy number
  BS 525 .W552010-04-14BooksGeneral Stacks2010-04-14RHEMA Bible Training College 2010-04-14  10691